[Event "Aktobe Dvorkovich Rapid op"]
[Site "Aktobe"]
[Date "2022.06.21"]
[Round "3"]
[White "Agmanov, Zhandos"]
[Black "Beristenov, Kair"]
[Result "1-0"]
[WhiteElo "2436"]
[BlackElo "1468"]
[PlyCount "55"]
[EventDate "2022.06.21"]
[EventType "swiss (rapid)"]
[EventRounds "9"]
[EventCountry "KAZ"]
[SourceTitle "CBM 209 Extra"]
[Source "ChessBase"]
[SourceDate "2022.09.30"]
[SourceVersion "1"]
[SourceVersionDate "2022.09.30"]
[SourceQuality "1"]

1. e4 c5 2. Nf3 Nc6 3. Bb5 g6 4. Bxc6 bxc6 5. 0-0 Bg7 6. Re1 d6 7. c3 e5 8. d4 cxd4 9. cxd4 exd4 10. Nxd4 Ne7 11. Nc3 0-0 12. Bf4 Be5 13. Bg5 Bb7 14. Qa4 c5 15. Nf3 Bg7 16. Rad1 Re8 17. Bf4 Qb6 18. Rxd6 Qxb2 19. Rb1 Qxc3 20. Rxb7 Rab8 21. h3 Rbc8 22. Rdd7 Bf8 23. Bg5 f6 24. Be3 c4 25. Kh2 f5 26. e5 Qa1 27. Rd1 Qc3 28. Bd4 1-0

[Event "Aktobe U14 op"]
[Site "Aqtobe"]
[Date "2022.06.15"]
[Round "2"]
[White "Beristenov, Kair"]
[Black "Ali, Kausar"]
[Result "1-0"]
[WhiteElo "1468"]
[BlackElo "1220"]
[PlyCount "89"]
[EventDate "2022.06.14"]
[EventType "swiss"]
[EventRounds "9"]
[EventCountry "KAZ"]
[SourceTitle "EXT 2023"]
[Source "ChessBase"]
[SourceDate "2022.10.05"]
[SourceVersion "1"]
[SourceVersionDate "2022.10.05"]
[SourceQuality "1"]

1. e4 c5 2. Nc3 Nc6 3. g3 Nf6 4. Bg2 e6 5. d3 Be7 6. Nge2 0-0 7. 0-0 d5 8. exd5 exd5 9. Bg5 d4 10. Bxf6 Bxf6 11. Ne4 Be7 12. Nf4 f5 13. Nd2 Bg5 14. Re1 Bxf4 15. gxf4 Qh4 16. Qf3 Nb4 17. Rac1 Rd8 18. a3 Nd5 19. Qg3 Qxg3 20. hxg3 Nf6 21. Re5 Re8 22. Rce1 Bd7 23. Rxe8+ Nxe8 24. Bxb7 Rb8 25. Bd5+ Kf8 26. b3 Nc7 27. Bc4 Re8 28. Rxe8+ Bxe8 29. b4 cxb4 30. axb4 Ba4 31. Nf3 Bxc2 32. Nxd4 Bb1 33. Kf1 a6 34. Ke1 Nb5 35. Nxb5 axb5 36. Bxb5 Ba2 37. Bc4 Bxc4 38. dxc4 Ke7 39. Kd2 Kd6 40. Ke3 Kc6 41. Kd4 h6 42. Ke5 g6 43. Kf6 g5 44. fxg5 hxg5 45. Kxf5 1-0